ARRUPE JESUIT UNIVERSITY

CORONAVIRUS -STOP THE SPREAD - CLEAN,DISINFECT,COVER

Sisters to the King (Record no. 130318)

MARC details
000 -LEADER
fixed length control field 00639nam a22001697a 4500
008 - FIXED-LENGTH DATA ELEMENTS--GENERAL INFORMATION
fixed length control field 200207b ||||| |||| 00| 0 eng d
050 ## - LIBRARY OF CONGRESS CALL NUMBER
Classification number DA784.3.M3 P47 2002
100 ## - MAIN ENTRY--PERSONAL NAME
Personal name Perry, Maria
9 (RLIN) 49411
245 ## - TITLE STATEMENT
Title Sisters to the King
Remainder of title the tumultuous lives of Henry VIII's sisters - margaret of scotland and Mary of France
Statement of responsibility, etc Maria Perry
260 ## - PUBLICATION, DISTRIBUTION, ETC. (IMPRINT)
Place of publication, distribution, etc London
Name of publisher, distributor, etc Andre Deutsch
Date of publication, distribution, etc 2002
300 ## - PHYSICAL DESCRIPTION
Extent 336p. ;
Dimensions 20cm.
600 ## - SUBJECT ADDED ENTRY--PERSONAL NAME
Personal name Margaret, Queen, consort of James IV
9 (RLIN) 49412
600 ## - SUBJECT ADDED ENTRY--PERSONAL NAME
Personal name Mary, Queen, consort of Louis XII
9 (RLIN) 49413
600 ## - SUBJECT ADDED ENTRY--PERSONAL NAME
Personal name Henry VIII
Form subdivision Family
9 (RLIN) 49414
651 ## - SUBJECT ADDED ENTRY--GEOGRAPHIC NAME
Geographic name Great Britain
General subdivision History
-- Tudors
9 (RLIN) 49415
942 ## - ADDED ENTRY ELEMENTS (KOHA)
Source of classification or shelving scheme Library of Congress Classification
Item type Monograph ( Printed materials)
Holdings
Withdrawn status Lost status Source of classification or shelving scheme Damaged status Not for loan Collection code Home library Current library Shelving location Date acquired Total Checkouts Full call number Barcode Date last seen Price effective from Koha item type
    Library of Congress Classification     Main Collection ARRUPE LIBRARY ARRUPE LIBRARY Main Collection 07/02/2020   DA784.3.M3 P47 2002 46600006529 07/02/2020 07/02/2020 Monograph ( Printed materials)

 

Arrupe Library. PO Box MP320 Mt Pleasant, Harare, Zimbabwe
263 242 745411|librarian@aju.ac.zw